[Event "Liberec Region-chT 2223"]
[Site "Czech Republic"]
[Date "2023.02.12"]
[Round "8.6"]
[White "Smetana, Tomas"]
[Black "Titera, Libor"]
[Result "0-1"]
[WhiteElo "1386"]
[BlackElo "1765"]
[PlyCount "56"]
[EventDate "2022.10.09"]
[EventType "team-tourn"]
[EventRounds "11"]
[EventCountry "CZE"]
[SourceTitle "EXT 2024"]
[Source "ChessBase"]
[SourceDate "2023.10.10"]
[SourceVersion "1"]
[SourceVersionDate "2023.10.10"]
[SourceQuality "1"]

1. e4 e6 2. d4 d5 3. Nc3 Bb4 4. Bd2 Bxc3 5. Bxc3 dxe4 6. Qg4 Nf6 7. Qxg7 Rg8 8. Qh6 Nbd7 9. 0-0-0 Rg6 10. Qd2 Nb6 11. Ne2 Bd7 12. Ng3 Nbd5 13. Re1 Nxc3 14. Qxc3 Bc6 15. h4 Nd5 16. Qd2 e3 17. fxe3 Rxg3 18. Qf2 Rg8 19. a3 Qf6 20. Qd2 0-0-0 21. Bd3 Ne7 22. Reg1 Rg3 23. Rf1 Qg7 24. Qb4 f5 25. Qb3 Nd5 26. Re1 Qh6 27. c4 Nxe3 28. Kb1 Rxd4 0-1

[Event "Liberec Region-chT 2223"]
[Site "Czech Republic"]
[Date "2023.01.29"]
[Round "7.7"]
[White "Smetana, Tomas"]
[Black "Prazak, Jiri"]
[Result "1/2-1/2"]
[WhiteElo "1386"]
[BlackElo "1630"]
[PlyCount "27"]
[EventDate "2022.10.09"]
[EventType "team-tourn"]
[EventRounds "11"]
[EventCountry "CZE"]
[SourceTitle "EXT 2024"]
[Source "ChessBase"]
[SourceDate "2023.10.10"]
[SourceVersion "1"]
[SourceVersionDate "2023.10.10"]
[SourceQuality "1"]

1. e4 c5 2. Nf3 e6 3. c3 a6 4. d4 cxd4 5. cxd4 Bb4+ 6. Nc3 Nf6 7. Bd3 0-0 8. 0-0 d6 9. a3 Ba5 10. b4 Bb6 11. Bb2 Bc7 12. Rc1 b5 13. Qd2 Bb7 14. Rfe1 1/2-1/2